Statistics for TV Show Intros by Picture #4

Click here to take the quiz!

General Stats

  • This quiz has been taken 118 times
  • The average score is 10 of 20

Answer Stats

Answer% Correct
Baywatch
94%
South Park
90%
Modern Family
77%
The A-Team
74%
Charlie's Angels
67%
Transformers
66%
The Twilight Zone
59%
The Office
58%
Gilligan's Island
54%
The Wonder Years
54%
24
49%
Speed Racer
45%
Dexter
42%
Happy Days
31%
Mad Men
31%
That Girl
24%
Orange is the New Black
17%
Severance
13%
American Idol
9%
Law & Order
7%

Score Distribution

Percentile by Number Answered

Percent of People with Each Score

Your Score History

You have not taken this quiz